[Event "GER CCM-E03-D email"]
[Site "GER email"]
[Date "2019.06.19"]
[Round "?"]
[White "Pereira, Nuno Miguel F"]
[Black "Babychuk, Vladimir"]
[Result "1-0"]
[WhiteElo "2226"]
[BlackElo "2229"]
[PlyCount "95"]
[EventDate "2019.??.??"]
[EventType "tourn (corr)"]
[EventRounds "13"]
[EventCountry "GER"]
[SourceTitle "Corr 2022"]
[Source "ChessBase"]
[SourceDate "2021.10.24"]
[SourceVersion "1"]
[SourceVersionDate "2021.10.24"]
[SourceQuality "1"]

1. d4 d5 2. c4 e6 3. Nf3 Nf6 4. Nc3 Bb4 5. Bg5 h6 6. Bxf6 Qxf6 7. e3 c5 8. cxd5 exd5 9. Be2 0-0 10. 0-0 Bxc3 11. bxc3 Be6 12. Ne5 Rd8 13. a4 Nd7 14. f4 Nxe5 15. fxe5 Qe7 16. h3 Rac8 17. Rf3 Rd7 18. Kh2 Rdc7 19. Qe1 cxd4 20. exd4 Qg5 21. a5 h5 22. h4 Qg6 23. Bd3 Qh6 24. Ra3 Bg4 25. Rf1 Qe6 26. Qg3 Qe7 27. Rb3 g6 28. a6 b6 29. Bb5 Qf8 30. Rf6 Be6 31. Qg5 Rxc3 32. Rb2 R8c7 33. Rbf2 Qg7 34. Be8 Kh7 35. Qf4 Bf5 36. Rd6 Qg8 37. Ba4 Be4 38. Bd7 Rc2 39. Rxc2 Rxc2 40. Bh3 Rc7 41. Qf6 Qh8 42. Qg5 Qe8 43. Rd8 Qe7 44. Rb8 Qxg5 45. hxg5 Rc2 46. Rb7 Kg8 47. Rxa7 Ra2 48. Kg3 1-0